000 00384nam a2200145Ia 4500
008 240729s9999 xx 000 0 und d
022 _a2058-7392
245 0 _aEuropean Journal of Inflammation
260 _aUnited Kingdom
260 _bSAGE Publishing
650 _aMedicine
856 _uhttps://doaj.org/toc/ee14a722c7ad4534b0552cc496c1e463
942 _2ddc
942 _cDOAJEJ
999 _c67707
_d67707
945 _a1
_bMadushi Gamage
_c1
_dMadushi Gamage